| 000 | 00505nam a2200169 a 4500 | ||
|---|---|---|---|
| 005 | 20260421152919.0 | ||
| 008 | 260407s2026##################000#0#eng## | ||
| 020 | _a9780406000231 | ||
| 082 | 0 | 4 | _a348.42 ALL[R] |
| 100 | _aBridgman,G. F. L. | ||
| 245 | 1 | 0 |
_aThe All England Law Reports Reprint: Revised and Annotated; 1914 - 1915 _c/Bridgman, G. F. L. |
| 250 | _a1st ed. | ||
| 260 |
_aLondon: _bLondon Butterworth, _c1961. |
||
| 300 |
_a780p. _c;23cm. |
||
| 650 | _aLaws of England | ||
| 942 | _cENGLISH | ||
| 999 |
_c618981 _d618981 |
||